Guess the Movie - Minimalistic Pictures #18 - Statistics

General Stats
  • This quiz has been taken 71 times
  • The average score is 8 of 20
Answer Stats
Picture Hint Answer % Correct
2021 Dune
88%
2016 Moana
84%
1995 Pocahontas
84%
1967 The Jungle Book
84%
2006 Night at the Museum
74%
2015 The Martian
62%
2009 Coraline
55%
1971 A Clockwork Orange
47%
1995 The Usual Suspects
45%
2009 The Proposal
38%
2001 Ali
36%
2015 The Revenant
31%
2016 Arrival
26%
2022 The Menu
19%
1989 Honey, I Shrunk the Kids
17%
2005 Sin City
14%
2014 The Judge
12%
2019 Uncut Gems
7%
2000 Gone in 60 Seconds
5%
1998 Ronin
3%
No matching quizzes found
Score Distribution
Percent of People with Each Score
Percentile by Number Answered
Your Score History
You have not taken this quiz